00959nam a2200253 a 4500999001700000001001400017005001700031008004100048020003400089035001500123040002900138041000800167044001100175245016200186250001200348260002800360300001800388490004600406653002800452653002800480700004200508700003400550952012100584 c23148d23148vtls00961341920220207131948.0090627e2006 xo gr 000 m slo c a8089092284 (viaz.)c130.00 SK aTNKK096339 aTTKJFbslocTTKJFeAACR20 aslo axocSK00aNemôžu byť všetci páni, musia byť i ľudia alebo Breviár slovenských prísloví a porekadielc[zost. Kveta Dašková, Jana Steinerová] a3. vyd. aBratislavabQ 111c2006 a167 s.c15 cm1 aVšetci ľudia (možno) všetko vedia1 apríslovia slovenské1 aporekadlá slovenské1 aDašková, Kveta,d1935-4com927141 aSteinerová, Jana4com92715 00102udc40708Ka10000b10000d2022-02-07g1.00i21495l1oI1888pI1888r2024-06-17s2024-06-07w2022-02-07yOLDO